Best Cleveland Sports Franchise by Year Quiz Stats

 Plays Quiz not verified by Sporcle

Support Sporcle.
Go Orange.
Score 0/50 Timer 10:00
0 Plays Today
Year - Result Team % Correct
2019 - No Playoff Teams???
100%
2014 - No Playoff Teams???
100%
2012 - No Playoff Teams???
100%
2011 - No Playoff Teams???
100%
2005 - No Playoff Teams???
100%
2004 - No Playoff Teams???
100%
2003 - No Playoff Teams???
100%
2000 - No Playoff Teams???
100%
1991 - No Playoff Teams???
100%
1984 - No Playoff Teams???
100%
1983 - No Playoff Teams???
100%
1981 - No Playoff Teams???
100%
1979 - No Playoff Teams???
100%
1975 - No Playoff Teams???
100%
1974 - No Playoff Teams???
100%
1973 - No Playoff Teams???
100%
2018 - Lost Finals???
90%
2015 - Lost Finals???
90%
2017 - Lost Finals???
86.7%
2016 - Won Championship???
86.7%
2007 - Lost Finals???
80%
2020 - Lost Quarterfinals???
80%
2006 - Lost Quarterfinals???
76.7%
1997 - Lost Finals???
76.7%
2010 - Lost Quarterfinals???
73.3%
Year - Result Team % Correct
2009 - Lost Semifinals???
73.3%
2008 - Lost Quarterfinals???
73.3%
1995 - Lost Finals???
73.3%
1985 - Lost Quarterfinals???
73.3%
1999 - Lost Quarterfinals???
70%
1998 - Lost Semifinals???
70%
1996 - Lost Quarterfinals???
70%
1986 - Lost Semifinals???
70%
2001 - Lost Quarterfinals???
66.7%
1980 - Lost Quarterfinals???
66.7%
2013 - Lost First Round???
63.3%
1992 - Lost Semifinals???
63.3%
1988 - Lost First Round???
63.3%
1982 - Lost First Round???
63.3%
1987 - Lost Semifinals???
60%
1990 - Lost First Round???
56.7%
1972 - Lost Quarterfinals???
56.7%
1971 - Lost Quarterfinals???
56.7%
2002 - Lost First Round???
53.3%
1993 - Lost Quarterfinals???
50%
1989 - Lost Semifinals???
43.3%
1994 - Lost First Round???
33.3%
1977 - Lost First Round???
23.3%
1976 - Lost Semifinals???
23.3%
1978 - Lost First Round???
20%

You're not logged in!

Compare scores with friends on all Sporcle quizzes.
OR
Log In

From the Vault

Atlanta Hawks All-Time Leaders

by Spacemaniac

The Peach State likes their basketball.
Remove Ads.
Support Sporcle.
Get the best of Sporcle when you Go Orange. This ad-free experience offers more features, more stats, and more fun while also helping to support Sporcle. Thank you for becoming a member.

Show Comments

Extras

Top Quizzes Today


Score Distribution

Your Account Isn't Verified!

In order to create a playlist on Sporcle, you need to verify the email address you used during registration. Go to your Sporcle Settings to finish the process.

Report this User

Report this user for behavior that violates our Community Guidelines.

Details: